000 00305nam a22001217a 4500
008 140702b xxu||||| |||| 00| 0 eng d
020 _a971-642-070-6
050 _aDS
100 _aZaide, Gregorio F.
245 _aRizal
_blife and works.
300 _aincludes index and bibliography
942 _2lcc
_cBK
999 _c182608
_d182608